| 000 | 01101 a2200253 4500 | ||
|---|---|---|---|
| 003 | Nust | ||
| 005 | 20221123141050.0 | ||
| 010 | _a 91018440 | ||
| 020 | _a0412363704 | ||
| 020 | _a0442314701 (USA) | ||
| 040 | _cNust | ||
| 082 | 0 | 0 | _a621.3813,BEN |
| 100 | 1 |
_aBenson, F. A. _941142 |
|
| 245 | 1 | 0 |
_aFields, waves, and transmission lines / _cF.A. Benson and T.M. Benson. |
| 250 | _a1st ed. | ||
| 260 |
_aLondon ; _aNew York : _bChapman & Hall, _c1991. |
||
| 300 |
_axix, 354 p. : _bill. ; _c24 cm. |
||
| 505 | _a Theory and Problems (Page-1), Electromagnetic Theory introduction (Page-3), Transmission Line Theory Introductions (Page-31), rectangular and Circular Waveguide and Cavity Resonators introduction(Page-50), Miscellaneous Wave guiding Systems (Page-83), Impedance Transformation and Matching introduction (Page-122), Microwave Networks (Page-150), Antenna and Propagation Introduction (Page-184). | ||
| 650 | 0 | _aAntennas (Electronics) | |
| 650 | 0 | _aTelecommunication Engineering | |
| 650 | 0 |
_aWave guides. _9103436 |
|
| 700 | 1 |
_aBenson, T. M., _d1958- _9103437 |
|
| 942 |
_2ddc _cBK |
||
| 999 |
_c181692 _d181692 |
||